Statistics for Closest Countries on Different Continents

Click here to take the quiz!

General Stats

  • This quiz has been taken 175 times
    (162 since last reset)
  • The average score is 15 of 20

Answer Stats

HintAnswer% Correct
Russia
94%
Russia
94%
4Russia
94%
42Egypt
90%
Spain
82%
12Morocco
80%
Saudi Arabia
80%
Panama
79%
0Colombia
78%
United States
77%
0Indonesia
71%
0Kazakhstan
69%
Papua New Guinea
68%
28Georgia
64%
Yemen
62%
Yemen
62%
13Djibouti
57%
24Eritrea
57%
Venezuela
50%
9Trinidad and Tobago
44%

Score Distribution

Percentile by Number Answered

Percent of People with Each Score

Your Score History

You have not taken this quiz since the last reset